000 00463nam a2200181Ia 4500
001 10820
005 20260306161900.0
008 260306t2002||||xx |||||||||||||| ||spa||
041 _aESP
082 _a973
_bW42
100 _aWeinstein, Allen
_eAUT
245 4 _aThe story of America:
_bfreedom and crisis from settlement to superpower
260 _c2002
300 _a686 páginas :
_c24 cm.
650 _aGEN
654 _aCHU
942 _cLIB
_dJUS
_fJUS
_2ddc
_n
999 _c10820
_d10820